Industrial organic chemistry/ (Record no. 12025)
| 000 -BAŞLIK | |
|---|---|
| Sabit Uzunluktaki Kontrol Alanı | 01406nam a22003017a 4500 |
| 001 - KONTROL NUMARASI | |
| Control Dosyası | 0012056 |
| 003 - KONTROL NUMARASI KİMLİĞİ | |
| Kontrol Alanı | KOHA_MİRAKIL |
| 005 - EN SON İŞLEM TARİHİ ve ZAMANI | |
| Kontrol Alanı | 20260207001838.0 |
| 007 - FİZİKSEL TANIM SABİT ALAN - GENEL BİLGİ | |
| Sabit uzunluklu kontrol alanı | ta |
| 008 - SABİT UZUNLUKTAKİ VERİ ÖGELERİ - GENEL BİLGİ | |
| Sabit Alan | 090729b2003 xx |||gr||||#||||0|Eng | |
| 020 ## - ISBN - ULUSLARARASI STANDART KİTAP NUMARASI | |
| Isbn | 3527305785 |
| Nitelik bilgileri | (acid-free paper) |
| Kullanılabilirlik koşulları | 194,63 |
| 040 ## - KATALOGLAMA KAYNAĞI | |
| Özgün Kataloglama Kurumu | TR-BiSEU |
| Kataloglama Dili | tur |
| Çeviri Kurumu | TR-BiSEU |
| Açıklama Kuralları | rda |
| 041 0# - DİL KODU | |
| Metin ya da ses kaydının dil kodu | Eng |
| 050 ## - SINIFLAMA ve YER NUMARASI | |
| Sınıflama Numarası | TP247 |
| Yer Numarası | .W4413 2003 |
| 100 1# - KİŞİ ADI | |
| Yazar Adı (Kişi adı) | Weissermel, Klaus. |
| 245 1# - ESER ADI BİLDİRİMİ | |
| Başlık | Industrial organic chemistry/ |
| Sorumluluk Bildirimi | Klaus Weissermel ; Klaus Weissermel, Hans-Jürgen Arpe; translated by Charlet R. Lindley and Stephen Hawkins. |
| 250 ## - BASIM BİLDİRİMİ | |
| Basım Bildirimi | 4th completely rev. ed. |
| 264 #1 - ÜRERİM, YAYIN, DAĞITIM ve TELİF BİLDİRİMİ | |
| Yayın yeri | Weinheim : |
| Yayınlayan | Wiley-VCH |
| Yayın tarihi | 2003 |
| 300 ## - FİZİKSEL TANIMLAMA | |
| Sayfa, Cilt vb. | xix, 491, [20] sayfa: illustreted ; |
| Boyutları | 25 cm. |
| 336 ## - İÇERİK TÜRÜ | |
| Content type term | metin |
| Content type code | txt |
| Source | rdacontent |
| 337 ## - MEDYA TÜRÜ | |
| Media type term | aracısız |
| Media type code | n |
| Source | rdamedia |
| 338 ## - TAŞIYICI TÜRÜ | |
| Carrier type term | cilt |
| Carrier type code | nc |
| Source | rdacarrier |
| 500 ## - GENEL NOT | |
| Genel Not | Kaynakça ve dizin var. |
| 505 ## - İÇİNDEKİLER NOTU | |
| İçindekiler Notu | Various aspects of the energy and raw material supply |
| 650 #0 - KONU BAŞLIĞI EK GİRİŞ - KONU TERİMİ | |
| Konusal terim veya coğrafi ad | Chemistry, Organic. |
| 9 (RLIN) | 1515 |
| 650 #0 - KONU BAŞLIĞI EK GİRİŞ - KONU TERİMİ | |
| Konusal terim veya coğrafi ad | Chemistry, Technical. |
| 9 (RLIN) | 29243 |
| 942 ## - EK GİRİŞ ÖGELERİ (KOHA) | |
| Source of classification or shelving scheme | Library of Congress Classification |
| Koha item type | Book |
| 505 ## - İÇİNDEKİLER NOTU | |
| -- | Basic products of industrial syntheses |
| -- | Olefins |
| -- | Acetylene |
| -- | 1,3-diolefins |
| -- | Syntheses involving carbon monoxide |
| -- | Oxidation products of ethylene |
| -- | Alcohols |
| -- | Vinyl-halogen and vinyl-oxygen compounds |
| -- | Components for polyamides |
| -- | Propene conversion products |
| -- | Aromatics, production and conversion |
| -- | Benzene derivatives |
| -- | Oxidation products of xylene and naphthalene |
| -- | Appendix. |
| Materyal Türü | Kalıcı Konum | Mevcut Konum | Raf Yeri | Sınıflandırma Kaynağı | Edinim Bilgisi | Ana Konular | Alt Konular | Yer Numarası | Demirbaş Numarası | Fatura Tarihi | Maliyet, Alış Fiyatı | Maliyet, Yenileme Fiyatı | Geri Çekilme Durumu | Kayıp Durumu | Hasarlı Durumu | Kredi için değil | Kayıt Tarih | Toplam Ödünçverme | Son Görülme Tarihi | Son Kontrol Tarihi |
|---|---|---|---|---|---|---|---|---|---|---|---|---|---|---|---|---|---|---|---|---|
| Book | Prof. Dr. Azmi Özcan Kütüphanesi | Prof. Dr. Azmi Özcan Kütüphanesi | Birûni Salonu | Library of Congress Classification | Satın | TEKNOLOJİ | Kimya Teknolojisi | TP247 .W4413 2003 | 0012056 | 23/12/2009 | 210.20 | 210.20 | 29/07/2009 | 05/12/2024 | 05/12/2024 |
